LEADER 01422nam a2200301 i 4500 001 000000177154 003 CaOOAMICUS 005 20090116000000.0 008 090116s2008 it u000 u fre u 013 $a154662 020 $a978-88-7839-131-4 040 $aSeMil$bita 100 1 $aSanou, Jean-Baptiste <1966- >.$0(OLS)http://semarc/name/65917 245 10$aViolence et sagesse dans la philosophie d'Éric Weil /$cJean-Baptiste Sanou. 260 $aRoma :$bPontificia Università Gregoriana,$c2008. 300 $a387 p ;$c23 cm. 490 0 $aAnalecta Gregoriana ;$v304. 490 0 $aAnalecta Gregoriana. Series Facultatis Philosophicae. Sectio B ;$v22 500 $aIn cop. : Premio Bellarmino 2008. 650 4$aWeil, Eric - Pensiero filosofico.$0(OLS)http://semarc/subject/14097 830 0$aAnalecta Gregoriana ;$v304.$0(OLS)http://semarc/title/9 830 0$aAnalecta Gregoriana. Series Facultatis Philosophicae. Sectio B ;$v22.$0(OLS)http://semarc/title/5957 850 $aSeMil 852 $aSeMil$W1$xVenegono$y1$m2N V 404$j127968$B127968$CSeMilBibl$Z2$F138491 $81 961 $aSottoscrizione: Pontificio Istituto Biblico 996 $6020$a978-88-7839-131-4$9(OLS)http://semarc/number/165902 996 $6245$aViolence et sagesse dans la philosophie d'Éric Weil$9(OLS)http://semarc/title/254398 996 $6260$aRoma :$bPontificia Università Gregoriana$9(OLS)http://semarc/publisher/29750 LEADER 00572nam a2200169 i 4500 001 000000225054 003 CaOOAMICUS 005 20131119000000.0 008 131119s1859 it u000 u ita u 013 $a203952 040 $aSeMil$bita 245 10$aVol. 5. 300 $a96 p. 773 0 $aPlassmann, Hermann Ernst$tScuola di s. Tommaso d'Aquino.$dMilano : Tipografia di Alessandro Lombardi, 1858.$g5$w()15585 850 $aSeMil 852 $aSeMil$W1$xVenegono$y1$m2R II 156 FA$j175400$B175400$CSeMilBibl$Z2$F185370 $8I 996 $6245$aVol. 5$9(OLS)http://semarc/title/108696